000
00225 a2200109 4500
020
_a
9788427285033
041
_a
spa
100
_a
Christie, Agatha
245
_a
Asesinato en el campo de golf
942
_c
BK
999
_c
27168
_d
27168
999
_d
27168